<?xml version="1.0" encoding="UTF-8"?><?xml-stylesheet type="text/xsl" href="static/style.xsl"?><OAI-PMH xmlns="http://www.openarchives.org/OAI/2.0/" xmlns:xsi="http://www.w3.org/2001/XMLSchema-instance" xsi:schemaLocation="http://www.openarchives.org/OAI/2.0/ http://www.openarchives.org/OAI/2.0/OAI-PMH.xsd"><responseDate>2026-04-17T20:09:18Z</responseDate><request verb="GetRecord" identifier="oai:www.recercat.cat:2117/407998" metadataPrefix="marc">https://recercat.cat/oai/request</request><GetRecord><record><header><identifier>oai:recercat.cat:2117/407998</identifier><datestamp>2025-07-22T16:47:52Z</datestamp><setSpec>com_2072_1033</setSpec><setSpec>col_2072_452951</setSpec></header><metadata><record xmlns="http://www.loc.gov/MARC21/slim" xmlns:dcterms="http://purl.org/dc/terms/" xmlns:xsi="http://www.w3.org/2001/XMLSchema-instance" xmlns:doc="http://www.lyncode.com/xoai" xsi:schemaLocation="http://www.loc.gov/MARC21/slim http://www.loc.gov/standards/marcxml/schema/MARC21slim.xsd">
   <leader>00925njm 22002777a 4500</leader>
   <datafield ind2=" " ind1=" " tag="042">
      <subfield code="a">dc</subfield>
   </datafield>
   <datafield ind2=" " ind1=" " tag="720">
      <subfield code="a">Jiménez Candela, Mónica</subfield>
      <subfield code="e">author</subfield>
   </datafield>
   <datafield ind2=" " ind1=" " tag="260">
      <subfield code="c">2024-01-23</subfield>
   </datafield>
   <datafield ind2=" " ind1=" " tag="520">
      <subfield code="a">Este proyecto representa una doble mejora al optimizar la infraestructura en cloud de una web a través la dockerización de esta y la migración desde un entorno convencional de Amazon Web Services (AWS) hacia una arquitectura más dinámica y eficiente orientada a la tecnología de contenedores, destacando las ventajas que supone su utilización junto con las del servicio en la nube, ambas tan populares a día de hoy. En esta memoria se puede ver el proceso que se ha llevado a cabo para realizar dicha mejora, así como los diferentes puntos que la justifican. La decisión de trasladar la infraestructura a Amazon Elastic Container Service (ECS) destaca la versatilidad y el potencial de los contenedores en entornos en constante cambio, y aunque quedan pendientes algunos aspectos, los resultados reflejan la capacidad de los contenedores de facilitar lo que hace décadas sería un proceso complejo, reflejando con claridad las mejoras de automatización del despliegue y servicio en la nueva infraestructura.</subfield>
   </datafield>
   <datafield ind2=" " ind1=" " tag="520">
      <subfield code="a">This project represents a dual improvement by optimizing the cloud infrastructure of a website through its dockerization and migration from a conventional Amazon Web Services (AWS) environment to a more dynamic and efficient architecture focused on container technology. It highlights the advantages of combining containerization with cloud services, both of which are widely popular today. This report outlines the process undertaken to achieve this enhancement, along with various justifications for it. The decision to migrate the infrastructure to Amazon Elastic Container Service (ECS) underscores the versatility and potential of containers in constantly evolving environments. Although some aspects remain pending, the results reflect the containers' capability to simplify what would have been a complex process decades ago. This clearly demonstrates the improvements in deployment automation and service within the new infrastructure.</subfield>
   </datafield>
   <datafield tag="653" ind2=" " ind1=" ">
      <subfield code="a">Cloud computing</subfield>
   </datafield>
   <datafield tag="653" ind2=" " ind1=" ">
      <subfield code="a">AWS</subfield>
   </datafield>
   <datafield tag="653" ind2=" " ind1=" ">
      <subfield code="a">EC2</subfield>
   </datafield>
   <datafield tag="653" ind2=" " ind1=" ">
      <subfield code="a">ECS</subfield>
   </datafield>
   <datafield tag="653" ind2=" " ind1=" ">
      <subfield code="a">Docker</subfield>
   </datafield>
   <datafield tag="653" ind2=" " ind1=" ">
      <subfield code="a">contenedores</subfield>
   </datafield>
   <datafield tag="653" ind2=" " ind1=" ">
      <subfield code="a">infraestructura en la nube</subfield>
   </datafield>
   <datafield tag="653" ind2=" " ind1=" ">
      <subfield code="a">optimización</subfield>
   </datafield>
   <datafield tag="653" ind2=" " ind1=" ">
      <subfield code="a">containers</subfield>
   </datafield>
   <datafield tag="653" ind2=" " ind1=" ">
      <subfield code="a">cloud infrastructure</subfield>
   </datafield>
   <datafield tag="653" ind2=" " ind1=" ">
      <subfield code="a">optimization</subfield>
   </datafield>
   <datafield tag="653" ind2=" " ind1=" ">
      <subfield code="a">Computació en núvol</subfield>
   </datafield>
   <datafield ind2="0" ind1="0" tag="245">
      <subfield code="a">Optimización de Infraestructura Cloud: Migración de EC2 a un entorno ECS en AWS</subfield>
   </datafield>
</record></metadata></record></GetRecord></OAI-PMH>